000 01297nam a2200301 a 4500
001 BRCA_8039
005 20190320210115.0
008 130730s2013 nyua#####b---#001-0#eng-c
020 _a9781588394965 (The Metropolitan Museum of Art)
020 _a9780300196986 (Yale University Press)
040 _aNNFr/DLC
_cNNFr
_dDLC
041 _aeng
044 _anyu
050 4 _aNK8806
_b.I58 2013
245 1 0 _aInterwoven globe
_bthe worldwide textile trade, 1500-1800
_cedited by Amelia Peck ; with contributions by Amy Bogansky ... [et al.].
260 _aNew York ; New Haven
_bMetropolitan Museum of Art : Yale University Press
_c2013
300 _ax, 350 p.
_bil. a color
_c29 cm.
500 _aIncluye glosario textil
500 _aPublished in conjunction with an exhibition held at The Metropolitan Museum of Art, New York, Sept. 16, 2013-Jan. 5, 2014
500 _aIncluye piezas de la colección Franz Mayer: p. 34
504 _aIncluye referencias bibliográficas e índice
650 1 4 _aTelas
_vExposiciones
_xHistoria
_ySiglo XVI-XVIII
_919977
650 1 4 _aDiseño textil
_vExposiciones
_xHistoria
_ySiglo XVI-XVIII
_919978
650 1 4 _aExotismo en el arte
_vExposiciones
_919979
700 1 _aPeck, Amelia
_eed.
_919980
700 1 _aBogansky, Amy Elizabeth
_919981
942 _2lcc
_cB
999 _c7707
_d7707